[Event "Titled Tuesday intern op 10th Nov"]
[Site "Chess.com INT"]
[Date "2020.11.10"]
[Round "9"]
[White "Palchuk, Andrii"]
[Black "Bartholomew, John"]
[Result "1/2-1/2"]
[WhiteElo "2149"]
[BlackElo "2446"]
[PlyCount "82"]
[EventDate "2020.11.10"]
[EventType "swiss (blitz)"]
[EventRounds "11"]
[EventCountry "USA"]
[SourceTitle "CBM 199 Extra"]
[Source "ChessBase"]
[SourceDate "2021.01.31"]
[SourceVersion "1"]
[SourceVersionDate "2021.01.31"]
[SourceQuality "1"]

1. e4 d5 2. exd5 Qxd5 3. Nc3 Qa5 4. Nf3 Nf6 5. d4 Bf5 6. Ne5 c6 7. Nc4 Qd8 8. Be3 e6 9. Be2 Be7 10. g4 Be4 11. Nxe4 Nxe4 12. 0-0 Nd7 13. Nd2 Nxd2 14. Qxd2 Qc7 15. c4 Bd6 16. h3 0-0 17. Rad1 Rfe8 18. f4 Rad8 19. Kg2 Nf8 20. Bd3 Ng6 21. Bxg6 hxg6 22. Qe2 Be7 23. b3 a5 24. Rd3 a4 25. bxa4 Ra8 26. Qc2 Qa5 27. Rb1 Reb8 28. Kf3 Qxa4 29. Qxa4 Rxa4 30. Rdb3 Rxc4 31. Rxb7 Re8 32. Rb8 Rxb8 33. Rxb8+ Kh7 34. Ra8 Bf6 35. Ke4 Rb4 36. Kd3 Rb1 37. a4 Rb3+ 38. Ke2 Rb4 39. Kd3 Rb3+ 40. Ke4 Rb4 41. Kd3 Rb3+ 1/2-1/2

[Event "Titled Tuesday intern op 03rd Nov"]
[Site "Chess.com INT"]
[Date "2020.11.03"]
[Round "5"]
[White "Allahverdiyeva, Ayan"]
[Black "Bartholomew, John"]
[Result "0-1"]
[WhiteElo "2088"]
[BlackElo "2446"]
[PlyCount "82"]
[EventDate "2020.11.03"]
[EventType "swiss (blitz)"]
[EventRounds "11"]
[EventCountry "USA"]
[SourceTitle "CBM 199 Extra"]
[Source "ChessBase"]
[SourceDate "2021.01.31"]
[SourceVersion "1"]
[SourceVersionDate "2021.01.31"]
[SourceQuality "1"]

1. e4 d5 2. exd5 Qxd5 3. Nc3 Qa5 4. Nf3 Nf6 5. d4 Bf5 6. Bc4 e6 7. Bd2 Bb4 8. a3 Bxc3 9. Bxc3 Qb6 10. Qe2 0-0 11. Ne5 Nc6 12. 0-0-0 Ne4 13. Nd7 Nxc3 14. bxc3 Qa5 15. Nxf8 Qxc3 16. g4 Nxd4 17. Rxd4 Qa1+ 18. Kd2 Qxd4+ 19. Bd3 Bxd3 20. Qxd3 Qxf2+ 21. Kc3 Rxf8 22. Rf1 Qxh2 23. Kb3 Qd6 24. Qxd6 cxd6 25. Rd1 d5 26. c4 Rd8 27. cxd5 Rxd5 28. Rc1 g5 29. Rc7 Rb5+ 30. Kc4 Rb6 31. a4 Rc6+ 32. Rxc6 bxc6 33. Kc5 f5 34. gxf5 exf5 35. Kxc6 g4 36. Kb7 g3 37. Kxa7 g2 38. a5 g1Q+ 39. Kb7 Qc5 40. a6 Qb5+ 41. Ka7 f4 0-1

[Event "Titled Tuesday intern op 03rd Nov"]
[Site "Chess.com INT"]
[Date "2020.11.03"]
[Round "9"]
[White "Bartholomew, John"]
[Black "Garcia Ramos, Daniel"]
[Result "0-1"]
[WhiteElo "2446"]
[BlackElo "2362"]
[PlyCount "96"]
[EventDate "2020.11.03"]
[EventType "swiss (blitz)"]
[EventRounds "11"]
[EventCountry "USA"]
[SourceTitle "CBM 199 Extra"]
[Source "ChessBase"]
[SourceDate "2021.01.31"]
[SourceVersion "1"]
[SourceVersionDate "2021.01.31"]
[SourceQuality "1"]

1. c4 e5 2. g3 d6 3. Bg2 Nc6 4. Nc3 Be6 5. Nd5 Qd7 6. d3 Nge7 7. e3 Nd8 8. Ne2 c6 9. Nxe7 Bxe7 10. h4 0-0 11. b3 d5 12. cxd5 cxd5 13. d4 f6 14. 0-0 Nc6 15. Bb2 Rad8 16. Rc1 Bh3 17. Qd2 Bxg2 18. Kxg2 Qe6 19. Nc3 Rd7 20. Na4 Rfd8 21. Nc5 Bxc5 22. Rxc5 e4 23. Ba3 g5 24. Rh1 Rg7 25. Qe2 Qf5 26. hxg5 fxg5 27. Rh5 Rf7 28. Kg1 Rd6 29. Rc2 Rdf6 30. Qf1 Qg4 31. Qe2 Rf3 32. Rh2 h5 33. Bd6 h4 34. Kh1 Rh7 35. gxh4 Rxh4 36. Rc1 Rxh2+ 37. Bxh2 Qh4 38. Rg1 Kf7 39. Rg2 Ne7 40. Kg1 Rh3 41. Qb5 Qh5 42. Qf1 Qf3 43. Qe1 Kg6 44. Qf1 Nf5 45. Rg3 Nxg3 46. fxg3 Qxe3+ 47. Kg2 Rh7 48. Qf8 Qf3+ 0-1

[Event "Titled Tuesday intern op 03rd Nov"]
[Site "Chess.com INT"]
[Date "2020.11.03"]
[Round "2"]
[White "Bartholomew, John"]
[Black "Sarana, Alexey"]
[Result "0-1"]
[WhiteElo "2446"]
[BlackElo "2657"]
[PlyCount "98"]
[EventDate "2020.11.03"]
[EventType "swiss (blitz)"]
[EventRounds "11"]
[EventCountry "USA"]
[SourceTitle "CBM 199 Extra"]
[Source "ChessBase"]
[SourceDate "2021.01.31"]
[SourceVersion "1"]
[SourceVersionDate "2021.01.31"]
[SourceQuality "1"]

1. d4 Nf6 2. c4 e6 3. Nf3 d5 4. Bg5 Bb4+ 5. Nc3 dxc4 6. Qa4+ Nc6 7. e3 Bd7 8. Qc2 b5 9. Be2 a6 10. 0-0 Be7 11. e4 0-0 12. Rad1 Re8 13. h3 h6 14. Bf4 Nb4 15. Qc1 Bf8 16. Ne5 Nc6 17. a3 Nxe5 18. Bxe5 Bc6 19. Qe3 Bb7 20. Bf3 Rc8 21. Bxf6 gxf6 22. e5 Bxf3 23. Qxf3 f5 24. d5 Qg5 25. dxe6 Rxe6 26. Rfe1 c6 27. g4 fxg4 28. hxg4 Bg7 29. Rd7 Rf8 30. Rc7 Bxe5 31. Ne4 Bxc7 32. Nxg5 Rxe1+ 33. Kg2 hxg5 34. Qxc6 Bf4 35. Qxa6 Re5 36. Qc6 Kg7 37. Qd7 Rh8 38. Qd4 Rh2+ 39. Kf3 Rh3+ 40. Kg2 Rd3 41. Qb6 Rd2 42. Kf3 Rxb2 43. Qd4 Rb3+ 44. Kg2 Rxa3 45. Qd6 Rd3 46. Qb6 c3 47. Qc6 b4 48. Qc4 Rd2 49. Kh3 c2 0-1

[Event "Titled Tuesday intern op 20th Oct"]
[Site "Chess.com INT"]
[Date "2020.10.20"]
[Round "8"]
[White "Bartholomew, John"]
[Black "Dushyant, Sharma"]
[Result "1-0"]
[WhiteElo "2446"]
[BlackElo "2270"]
[PlyCount "79"]
[EventDate "2020.10.20"]
[EventType "swiss (blitz)"]
[EventRounds "11"]
[EventCountry "USA"]
[SourceTitle "EXT 2022"]
[Source "ChessBase"]
[SourceDate "2021.10.06"]
[SourceVersion "1"]
[SourceVersionDate "2021.10.06"]
[SourceQuality "1"]

1. d4 Nf6 2. Nf3 e6 3. c4 d5 4. Bg5 Be7 5. e3 h6 6. Bh4 b6 7. Nc3 Bb7 8. cxd5 exd5 9. Bb5+ c6 10. Bd3 Nbd7 11. 0-0 Ne4 12. Bxe7 Qxe7 13. Qc2 f5 14. Rab1 0-0 15. b4 Rae8 16. Ne2 Qf6 17. a4 g5 18. a5 Rf7 19. axb6 axb6 20. Ra1 g4 21. Nd2 Nf8 22. b5 c5 23. Bxe4 fxe4 24. dxc5 bxc5 25. Qxc5 Ne6 26. Qc3 Qh4 27. Qe5 Ree7 28. Ra7 Ng5 29. Qg3 Qh5 30. Nf4 Rxf4 31. Qxf4 Rg7 32. Qb8+ Kh7 33. Rxb7 Nf3+ 34. gxf3 gxf3+ 35. Rxg7+ Kxg7 36. Qg3+ Kf7 37. Rc1 d4 38. Rc7+ Kf8 39. Qg7+ Ke8 40. Qe7# 1-0

[Event "Titled Tuesday intern op 20th Oct"]
[Site "Chess.com INT"]
[Date "2020.10.20"]
[Round "6"]
[White "Bartholomew, John"]
[Black "Kovalenko, Igor"]
[Result "0-1"]
[WhiteElo "2446"]
[BlackElo "2654"]
[PlyCount "94"]
[EventDate "2020.10.20"]
[EventType "swiss (blitz)"]
[EventRounds "11"]
[EventCountry "USA"]
[SourceTitle "EXT 2022"]
[Source "ChessBase"]
[SourceDate "2021.10.06"]
[SourceVersion "1"]
[SourceVersionDate "2021.10.06"]
[SourceQuality "1"]

1. d4 Nf6 2. Nf3 g6 3. Bg5 Bg7 4. Nbd2 d6 5. e3 h6 6. Bh4 b6 7. Bb5+ c6 8. Bd3 Nbd7 9. h3 Bb7 10. Qe2 Qc7 11. 0-0-0 a6 12. Kb1 Nd5 13. c3 c5 14. Bg3 b5 15. e4 N5b6 16. e5 dxe5 17. dxe5 e6 18. Ne4 0-0 19. h4 Nxe5 20. h5 f5 21. Ned2 f4 22. Bh4 g5 23. Bxg5 hxg5 24. Nxg5 Qe7 25. Ndf3 Nbd7 26. Be4 Nxf3 27. Nxf3 Bxe4+ 28. Qxe4 Nf6 29. Qc2 Bh6 30. Ne5 Qh7 31. Ng6 Rfd8 32. Rde1 Re8 33. Ka1 Rad8 34. Qe2 Qf7 35. Ne5 Qg7 36. Ng6 c4 37. Qe5 Nd5 38. Qe4 b4 39. Qxc4 bxc3 40. Ne5 cxb2+ 41. Kb1 Qh7+ 42. Ng6 Bg7 43. Qb3 Bf6 44. Rh3 Qc7 45. Rd3 Kf7 46. Red1 Rc8 47. Rxd5 Qc1+ 0-1

[Event "Titled Tuesday intern op 20th Oct"]
[Site "Chess.com INT"]
[Date "2020.10.20"]
[Round "4"]
[White "De Silva, LMST"]
[Black "Bartholomew, John"]
[Result "0-1"]
[WhiteElo "2085"]
[BlackElo "2446"]
[PlyCount "100"]
[EventDate "2020.10.20"]
[EventType "swiss (blitz)"]
[EventRounds "11"]
[EventCountry "USA"]
[SourceTitle "EXT 2022"]
[Source "ChessBase"]
[SourceDate "2021.10.06"]
[SourceVersion "1"]
[SourceVersionDate "2021.10.06"]
[SourceQuality "1"]

1. e4 d5 2. exd5 Qxd5 3. Nc3 Qa5 4. Bc4 Nf6 5. Nf3 Bf5 6. d4 e6 7. Bd2 Bb4 8. 0-0 Nc6 9. a3 Bxc3 10. Bxc3 Qb6 11. d5 0-0-0 12. Bxf6 gxf6 13. Qd2 Ne7 14. Qh6 Nxd5 15. Bxd5 exd5 16. Qf4 Bxc2 17. Rac1 Be4 18. Nd2 Bd3 19. Rfe1 Rhe8 20. Rxe8 Rxe8 21. Nb3 Bc4 22. Nd2 Bd3 23. Nb3 Bg6 24. Nc5 Qxc5 25. Qg4+ f5 26. Qd1 Qd6 27. Qa4 Qe6 28. h3 Kb8 29. Qa5 c6 30. Qc3 Qd6 31. Qg7 Qe5 32. Qh6 d4 33. b4 f4 34. a4 d3 35. b5 d2 36. Rd1 Qe1+ 37. Kh2 Qxd1 38. Qxf4+ Ka8 39. bxc6 Qe1 40. cxb7+ Kxb7 41. Qb4+ Kc6 42. Qb5+ Kd6 43. Qa6+ Ke7 44. Qb5 Kf8 45. Qc5+ Kg8 46. Qc6 Qe5+ 47. g3 d1Q 48. h4 Qe4 49. Qxe4 Bxe4 50. Kh3 Qf3 0-1

[Event "Titled Tuesday intern op 20th Oct"]
[Site "Chess.com INT"]
[Date "2020.10.20"]
[Round "2"]
[White "Shtyka, Sergey"]
[Black "Bartholomew, John"]
[Result "1-0"]
[WhiteElo "2175"]
[BlackElo "2446"]
[PlyCount "87"]
[EventDate "2020.10.20"]
[EventType "swiss (blitz)"]
[EventRounds "11"]
[EventCountry "USA"]
[SourceTitle "EXT 2022"]
[Source "ChessBase"]
[SourceDate "2021.10.06"]
[SourceVersion "1"]
[SourceVersionDate "2021.10.06"]
[SourceQuality "1"]

1. e4 d5 2. exd5 Qxd5 3. Nc3 Qa5 4. d4 Nf6 5. Nf3 Bf5 6. Bd3 Bxd3 7. Qxd3 c6 8. Bd2 e6 9. 0-0-0 Nbd7 10. Kb1 0-0-0 11. Rhe1 Qc7 12. h3 Bd6 13. Ne4 Nxe4 14. Qxe4 Nf6 15. Qe2 Nd5 16. c4 Nf4 17. Bxf4 Bxf4 18. Ne5 Bxe5 19. Qxe5 Qxe5 20. dxe5 Kc7 21. Kc2 a5 22. b3 h5 23. h4 b5 24. cxb5 cxb5 25. a3 Kc6 26. f4 b4 27. axb4 axb4 28. Re4 Rxd1 29. Kxd1 Kb5 30. Rc4 Rd8+ 31. Ke2 Rd7 32. g3 g6 33. Rc8 Ra7 34. Rb8+ Kc5 35. Rc8+ Kd5 36. Rc4 Rb7 37. Kd3 Rb8 38. Ke3 Rb7 39. Kd3 Rd7 40. Rd4+ Kc6 41. Rxd7 Kxd7 42. Kc4 Ke7 43. Kxb4 f6 44. Kc5 1-0